000 00560nam a22001577a 4500
999 _c535523
_d535523
020 _qHard Cover.
082 _a629.04
100 _aAbid, Malik Muneeb
245 _aOptimization of Pakistan railways schedule (a case study of a track segment from Rawalpindi to Lalamusa) /
_cMalik Muneeb Abid.
260 _aIslamabad:
_bNIT NUST,
_c2013.
300 _a140 p. :
_bill. ;
_c30cm.
942 _2ddc
_cTHE
650 _aTransportation Engineering MS-Thesis.
_916276
700 _aMuhammad Babar Khan
_930116